Health and welfare survey 1981

Salvato in:
Dettagli Bibliografici
Natura: Libro
Lingua:inglese
Pubblicazione: Bangkok National Statistical Office 1981
Tags: Aggiungi Tag
Nessun Tag, puoi essere il primo ad aggiungerne!!

MARC

LEADER 00000nam a2200000 4500
001 c116973
005 20041019155206.2
041 0 |a eng 
044 |a TH 
245 1 0 |a Health and welfare survey 1981 
264 1 |a Bangkok  |b National Statistical Office  |c 1981 
300 |a 239 s.